Δυνατότητες και προοπτικές για την αξιοποίηση των ανανεώσιμων πηγών ενέργειας στην Ελλάδα.

Saved in:
Bibliographic Details
Corporate Author: Ομάδα Εργασίας Επιστημόνων Πανεπιστημίου Πατρών
Format: Book
Language:Greek
Published: Αθήνα : Κέντρο Προγραμματισμού και Οικονομικών Ερευνών, 1988
Series:Θέματα προγραμματισμού ; ; 38
Subjects:
Tags: Add Tag
No Tags, Be the first to tag this record!

MARC

LEADER 00000nam a2200000 i 4500
001 1/104424
008 950602s1988 gre d
035 |l 10013254 
040 |a GR-MY-UA  |b gre  |e aacr 
041 0 |a gre 
082 0 |a 333.79409495 
110 2 |a Ομάδα Εργασίας Επιστημόνων Πανεπιστημίου Πατρών. 
245 1 0 |a Δυνατότητες και προοπτικές για την αξιοποίηση των ανανεώσιμων πηγών ενέργειας στην Ελλάδα. /  |c Ομάδα Εργασίας Επιστημόνων Πανεπιστημίου Πατρών 
260 |a Αθήνα :   |b Κέντρο Προγραμματισμού και Οικονομικών Ερευνών,   |c 1988 
300 |a 692 σ.  |b πιν. 
490 1 |a Θέματα προγραμματισμού  |v ; 38 
504 |a Περιέχει βιβλιογραφία  
650 0 0 |a Renewable energy sources  |z Greece. 
650 0 0 |a Energy policy  |z Greece. 
830 0 |a Θέματα προγραμματισμού ;  |v ; 38 
852 |a INST  |b LESVOS  |e 19950602  |h 333.79409495 ΔΥΝ  |p 005100004320  |q 005100004320  |t BK  |y 0 
909 |a Λ  |b 015084